00439nam a22001577a 4500003000500000005001700005008004100022020001500063040000900078082001500087100003300102245006400135260003200199300001500231650003500246CEME20210628204100.0210107b xxu||||| |||| 00| 0 eng d a0071467882 cceme a621.56 MIL aMiller, Rex , Miller, Mark R aAir conditioning and refrigeration , over 800 illustrations aNEW YORKbMCGRAW HILLc2006 aXVII, 603P aAIR CONDITIONING.REFRIGERATION